Văn học Việt Nam thế kỷ XX Q.5, T.VI Lý luận - Phê bình nửa đầu thế kỷ

.

Saved in:
Bibliographic Details
Other Authors: Nguyễn Đăng Điệp (biên soạn), Tôn Thảo Miên (biên soạn)
Format: Book
Language:Vietnamese
Published: H. Văn học 2005
Subjects:
Tags: Add Tag
No Tags, Be the first to tag this record!
Institutions: Mạng thư viện Đại học Đà Nẵng
LEADER 01254nam a2200361 4500
001 000015695
003 12078
005 20120531100535.0
008 120531s2005 viesd
020 |c 0 
041 0 |a vie 
082 |a 895.922  |b VAN 
245 1 0 |a Văn học Việt Nam thế kỷ XX  |c Nguyễn Ngọc Thiện (ch.b)  |n Q.5, T.VI  |p Lý luận - Phê bình nửa đầu thế kỷ 
260 |a H.  |b Văn học  |c 2005 
300 |a 1031 tr.  |c 24 cm 
520 |a . 
653 |a Văn học Việt Nam 
653 |a Tiểu thuyết 1975 - 2000 
653 |a Nghiên cứu văn học 
700 |a Nguyễn Đăng Điệp  |e biên soạn 
700 |a Tôn Thảo Miên  |e biên soạn 
773 |t Văn học Việt Nam thế kỷ XX  |w 1848 
910 |a Thu Sương  |d 19/8/2011 
OWN |a LSP 
AVA |a UDN50  |b LSP  |d 895.922 VAN  |e available  |t Error 5001 Not defined in file expand_doc_bib_avail.  |f 2  |g 0  |h N  |i 0  |k 1 
999 |a From the UDN01 
AVA |a UDN50  |b LSP  |d 895.922 VAN  |e available  |t Error 5001 Not defined in file expand_doc_bib_avail.  |f 2  |g 0  |h N  |i 0  |k 1 
TYP |a Monograph 
TYP |a Printed language 
980 |a Mạng thư viện Đại học Đà Nẵng